000 00643nam a2200253Ia 4500
005 20260121160134.0
008 008 260114s9999 xx 000 0 eng d
020 _a9781315465371
037 _aEBOOK
040 _aCRL
040 _beng
040 _cCRL
041 _2eng
041 _aeng
084 _qCRL
100 _a Courtney B. Cazden
_91028163
245 0 _aCommunicative Competence, Classroom Interaction, and Educational Equity
260 _bTaylor and Francis
260 _c2018
856 _uhttp://www.taylorfrancis.com/books/9781315465371
942 _cEBOOK
999 _c1594982
_d1594982